000 00697nam a2200289Ia 4500
005 20260324144456.0
008 008 260324s9999 xx 000 0 eng d
020 _a9780429035654
037 _aEBOOK
040 _aCRL
040 _beng
040 _cCRL
041 _2eng
041 _aeng
084 _qCRL
100 _aAlan Ned Sabrosky
_91219464
245 0 _aAlliances In U.s. Foreign Policy
245 0 _bIssues In The Quest For Collective Defense
260 _bTaylor and Francis
260 _c1988
365 _a
365 _b230
856 _uhttp://www.taylorfrancis.com/books/9780429035654
942 _cEBOOK
999 _c1826124
_d1826124